[Event "Mecklenburg VP-ch U10 Girls"]
[Site "Malchow"]
[Date "2019.02.05"]
[Round "6.3"]
[White "Nguyen, Miriam Mai"]
[Black "Pommerehnke, Marla"]
[Result "1/2-1/2"]
[WhiteElo "772"]
[BlackElo "787"]
[PlyCount "48"]
[EventDate "2019.02.02"]
[EventType "tourn"]
[EventRounds "7"]
[EventCountry "GER"]
[SourceTitle "EXT 2022"]
[Source "ChessBase"]
[SourceDate "2021.10.06"]
[SourceVersion "1"]
[SourceVersionDate "2021.10.06"]
[SourceQuality "1"]

1. e4 e5 2. Nf3 Nc6 3. Bc4 Bc5 4. 0-0 Nf6 5. Nc3 0-0 6. d3 h6 7. Be3 d6 8. h3 Nh5 9. Bb3 Bxe3 10. fxe3 Qf6 11. Nd4 Qg6 12. Nxc6 bxc6 13. Qe2 Ng3 14. Qf3 Nxf1 15. Rxf1 Bd7 16. d4 Rae8 17. d5 c5 18. Na4 Rb8 19. Nc3 c4 20. Bxc4 Rxb2 21. Rf2 Rb4 22. Bb3 Rbb8 23. Ne2 Rb4 24. c3 Rbb8 1/2-1/2